Mravná výchova v rodine

Bibliographic Details
Main Author: Čihák, Jozef, 1918- (Author)
Format: Article
Language:Slovak
Subjects:

MARC

LEADER 00000nab a2200000ua 4500
001 vtls010774043
003 SK-MaSNL
005 20260303151832.0
008 230222s1976 xo |||||||||||||||||slo|
035 |a (urnnbn)urn:nbn:sk:snk:ar-a007a4 
035 |a (uuid)89d55923-7d64-4395-a5ff-6af8061f14db 
035 |a urn:nbn:sk:snk-ab45jy 
040 |a SNKBUCL  |b slo  |c SNKBUCL  |e AACR2 
041 0 |a slo 
044 |a xo  |c SK 
100 1 |a Čihák, Jozef,  |d 1918-  |4 aut  |9 214347 
245 1 0 |a Mravná výchova v rodine  |c Jozef Čihák 
650 0 7 |a mravná výchova  |2 SNKPH  |9 70463 
650 0 7 |a výchova  |2 SNKPH  |9 957 
650 0 7 |a socializmus  |2 SNKPH  |9 2151 
650 0 7 |a socialistické a komunistické spoločnosti  |2 SNKPH  |9 162519 
773 0 |t Rodina a škola  |g Roč. 23, č. 10 (1976), s. 3-4 
954 |a odborná, vedecká literatúra pôvodná (slovenská)  |2 lita 
958 |a OND 
958 |a EUIPO 
958 |a article3 
999 |c 2020005  |d 2021935